000 01030cam a22003014a 4500
999 _c874
_d874
001 12928315
003 OSt
005 20191125123934.0
008 020913s2003 nyua b 001 0 eng
010 _a 2002030946
020 _a0071360476
035 _a(DNLM)101154624
040 _aDNLM/DLC
_cDLC
_dDLC
042 _apcc
050 0 0 _aRB40
_b.C573 2003
060 1 0 _aQY 90
_bC64105 2003
082 0 0 _aQY90 L64a 2003
_221
100 _aEdited by Shauna, C. Anderson; Susan, Cockayne.
_913073
245 0 0 _aClinical Chemistry:
_bconcepts and applications
260 _aNew York :
_bMcGraw-Hill, Medical Pub. Division,
_cc2003.
300 _axvii, 723 p. :
_bill. ;
_c29 cm.
504 _aIncludes bibliographical references and index.
650 0 _aClinical chemistry.
_9428
856 4 2 _3Publisher description
_uhttp://www.loc.gov/catdir/description/mh031/2002030946.html
906 _a7
_bcbc
_corignew
_d1
_eocip
_f20
_gy-gencatlg
942 _2z
_cSLOAN